书目信息 |
| 题名: |
太极棒气功
|
|
| 作者: | 关永年 编著 | |
| 分册: | ||
| 出版信息: | 北京 人民体育出版社 1984 |
|
| 页数: | 79页 | |
| 开本: | 19cm | |
| 丛书名: | ||
| 单 册: | ||
| 中图分类: | R214 , G852.6 | |
| 科图分类: | ||
| 主题词: | 气功,太极棒 , 武术 , 民族形式体育 | |
| 电子资源: | ||
| ISBN: | ||
| 000 | 00699nam0 2200277 45 | |
| 001 | 0184009812 | |
| 005 | 20040506155033.1 | |
| 010 | @dCNY0.28 | |
| 091 | @a7015.2179 | |
| 100 | @a19950526d1984 em y0chiy0121 ea | |
| 101 | 0 | @achi |
| 102 | @aCN@b110000 | |
| 105 | @aa z 000yy | |
| 106 | @ar | |
| 200 | 10 | @a太极棒气功@Atai ji bang qi gong@f关永年编著 |
| 210 | @a北京@c人民体育出版社@d1984 | |
| 215 | @a79页@c插图@d19cm | |
| 606 | @a气功,太极棒 | |
| 606 | 0 | @a武术 |
| 606 | 0 | @a民族形式体育 |
| 690 | @aR214@v3 | |
| 690 | @aG852.6 | |
| 701 | 0 | @a关永年@Aguan yong nian@4编著 |
| 801 | 0 | @aCN@b上海图书馆@c20040506 |
| 801 | 2 | @aCN@bNLC@c20040506 |
| 905 | @f2@b228642-643@dG852.6@e56 | |
| 太极棒气功/关永年编著.-北京:人民体育出版社,1984 |
| 79页:插图;19cm |
| ISBN :CNY0.28 |
| ● |
| 相关链接 |
|
|
|
|
正题名:太极棒气功
索取号:G852.6/56
 
预约/预借
| 序号 | 登录号 | 条形码 | 馆藏地/架位号 | 状态 | 备注 |
| 1 | 0228642 | 000992581 | 密集书库/ [索取号:G852.6/56] | 在馆 | |
| 2 | 0228643 | 000992572 | 密集书库/ [索取号:G852.6/56] | 在馆 | |
| 3 | 0228644 | 000992590 | 第一样本阅览室/ [索取号:G852.6/56] | 在馆 |